000
00303nam a22001217a 4500
008
181024b xxu||||| |||| 00| 0 eng d
041
_a
eng
080
_a
610
100
_a
4
101
_a
SHM
245
_a
Legg-Calve-Perthes Syndrome and Related Osteochondroses of youth
_c
Goff,Ch.W
942
_2
udc
_c
BK
999
_c
50839
_d
50839